Fundamentals of engineering science and mathematics (Record no. 63349)

MARC details
000 -LEADER
fixed length control field 00635nam a2200145 a 4500
008 - FIXED-LENGTH DATA ELEMENTS--GENERAL INFORMATION
fixed length control field 120416s1970 ||||||||||||||||| || u
050 ## - LIBRARY OF CONGRESS CALL NUMBER
Classification number TA 330 Dea
100 ## - MAIN ENTRY--PERSONAL NAME
Personal name Dean, K. J
245 10 - TITLE STATEMENT
Title Fundamentals of engineering science and mathematics
260 ## - PUBLICATION, DISTRIBUTION, ETC.
Place of publication, distribution, etc. Harmondsworth
Name of publisher, distributor, etc. Penguin
Date of publication, distribution, etc. 1970
300 ## - PHYSICAL DESCRIPTION
Extent 2v. : ill.
350 ## -
-- 0.00
995 ## -
-- BINDERY (DAMAGED)
-- 0.00
-- 718301
-- CBU-MAIN LIBRARY (Kitwe)
-- 2
-- 2.50
-- TA 330 Dea
-- 1
-- DAMAGED
-- 014613
-- Main Library Open Access Collection
995 ## -
-- ANNEX COLLECTION (Main Library)
-- 0.00
-- 718299
-- CBU-MAIN LIBRARY (Kitwe)
-- 1
-- 2.50
-- TA 330 Dea
-- 1
-- AVAILABLE
-- 014612
-- Annex Low-Usage Collection
999 ## -
-- 63349
-- 63349
Holdings
Withdrawn status Lost status Source of classification or shelving scheme Damaged status Not for loan Permanent Location Current Location Shelving location Date acquired Total Checkouts Full call number Barcode Date last seen Price effective from Koha item type
          CBU-MAIN LIBRARY, KITWE. CBU-MAIN LIBRARY, KITWE.   12/24/2022   TA 330 Dea 014613 12/24/2022 12/24/2022 MONOGRAPH
          CBU-MAIN LIBRARY, KITWE. CBU-MAIN LIBRARY, KITWE.   12/24/2022   TA 330 Dea 014612 12/24/2022 12/24/2022 MONOGRAPH